Maratón [juego] /
Guardado en:
| Formato: | Objeto Físico |
|---|---|
| Publicado: |
Argentina :
Ruibal,
2005.
|
| Materias: | |
| Etiquetas: |
Agregar Etiqueta
Sin Etiquetas, Sea el primero en etiquetar este registro!
|
| LEADER | 00712nrm a22001575g 4500 | ||
|---|---|---|---|
| 001 | CEM.cems019220 | ||
| 008 | 130507s2005##################0###0#####d | ||
| 005 | 20220830093327.0 | ||
| 003 | CEMS | ||
| 245 | 0 | 0 | |a Maratón [juego] / |c Demente. |
| 260 | |a Argentina : |b Ruibal, |c 2005. | ||
| 300 | |a 1 juego (1 tablero, 5 dados especiales, cubilete, 4 peones, 4 anotadores, 20 premios, reloj de arena) ; en caja 37 x 27 x 6 cm. + manual de instrucciones. | ||
| 500 | |a Para 2, 3 o 4 jugadores a partir de 10 años y adultos objetivo: formar palabras obteniendo los premios en las vueltas establecidas. | ||
| 082 | 0 | 4 | |a J793.734 |
| 653 | |a 1. juegos de formación de palabras | ||
| 859 | |a CEMS |b BIB. CEMS - Ludoteca |h J793.734 |i D394 |p 360.09 |t Ej.1 | ||
